Statistics for Countries By Capital

Click here to take the quiz!

General Stats

  • This quiz has been taken 46 times
  • The average score is 11 of 15

Answer Stats

CapitalCountry% Correct
CopenhagenDenmark
100%
StockholmSweden
100%
Washington D.C.United States
100%
HelsinkiFinland
95%
ManilaPhilippines
93%
SeoulSouth Korea
93%
ZagrebCroatia
91%
TallinnEstonia
86%
MaleMaldives
79%
ThimpuBhutan
65%
Port of SpainTrinidad and Tobago
65%
MoroniComoros
47%
Port VilaVanuatu
42%
CastriesSaint Lucia
40%
Saint JohnsAntigua and Barbuda
35%

Score Distribution

Percentile by Number Answered

Percent of People with Each Score

Your Score History

You have not taken this quiz